Faculty of Law Library — Cairo University

Official Online Catalog

مؤسسات الشرطة والأمن العام في دولة الكويت : (Record no. 54485)

MARC details
000 -LEADER
fixed length control field 01748nam a2200325 i 4500
003 - CONTROL NUMBER IDENTIFIER
control field EG-GICUC
005 - DATE AND TIME OF LATEST TRANSACTION
control field 20260121101646.0
008 - FIXED-LENGTH DATA ELEMENTS--GENERAL INFORMATION
fixed length control field 260104s1997 ku ||||fr|||| 001 0 ara d
040 ## - CATALOGING SOURCE
Original cataloging agency EG-GICUC
Language of cataloging ara
Transcribing agency EG-GICUC
Modifying agency EG-GICUC
Description conventions rda
041 ## - LANGUAGE CODE
Language code of text/sound track or separate title ara
082 04 - DEWEY DECIMAL CLASSIFICATION NUMBER
Classification number 343.4370538
Item number ح ا . م
Edition number 21
092 04 - LOCALLY ASSIGNED DEWEY CALL NUMBER (OCLC)
Edition number 21
099 ## - LOCAL FREE-TEXT CALL NUMBER (OCLC)
Classification number Law1 10 343.4370538 ح ا . م 1997 1006763
100 0# - MAIN ENTRY--PERSONAL NAME
Personal name حامد سيد عنبر سيد صالح الرفاعي.
Relator term مؤلف.
245 10 - TITLE STATEMENT
Title مؤسسات الشرطة والأمن العام في دولة الكويت :
Remainder of title دراسة قانونية وإدارية تتناول بالتحليل التطور القانوني والإداري لمؤسسات الشرطة والأمن العام في دولة الكويت : ماضيا وحاضرا ومستقبلا /
Statement of responsibility, etc. تأليف عقيد دكتور حامد سيد عنبر سيد صالح الرفاعي، دكتور عادل حسون الخنساء ؛ مراجعة أ. رمضان عيد سيد محمد.
264 #1 - PRODUCTION, PUBLICATION, DISTRIBUTION, MANUFACTURE, AND COPYRIGHT NOTICE
Place of production, publication, distribution, manufacture الكويت :
Name of producer, publisher, distributor, manufacturer حامد سيد عنبر سيد صالح الرفاعي،
Date of production, publication, distribution, manufacture, or copyright notice 1997.
300 ## - PHYSICAL DESCRIPTION
Extent 832 صفحة ؛
Dimensions 24 سم.
336 ## - CONTENT TYPE
Source rda content
Content type term text
337 ## - MEDIA TYPE
Source rda media
Media type term Computer
338 ## - CARRIER TYPE
Source rda carrier
Carrier type term Online Resource
504 ## - BIBLIOGRAPHY, ETC. NOTE
Bibliography, etc. note يشتمل على ارجاعات ببليوجرافية.
546 ## - LANGUAGE NOTE
Language note النص باللغة العربية
650 1# - SUBJECT ADDED ENTRY--TOPICAL TERM
Topical term or geographic name entry element تشريعات أخرى متعلقة بالأمن والسكينة العامة.
Geographic subdivision الكويت
Source of heading or term qrmak
651 1# - SUBJECT ADDED ENTRY--GEOGRAPHIC NAME
Source of heading or term qrmak
700 0# - ADDED ENTRY--PERSONAL NAME
Personal name عادل حسون الخنساء.
Relator term مؤلف مشارك.
700 0# - ADDED ENTRY--PERSONAL NAME
Personal name رمضان عيد سيد محمد.
Relator term مراجع.
856 40 - ELECTRONIC LOCATION AND ACCESS
Uniform Resource Identifier <a href="https://fll.law.cu.edu.eg/fulltext/bks/B10-06763.pdf">https://fll.law.cu.edu.eg/fulltext/bks/B10-06763.pdf</a>
905 ## - Cataloger and Reviser Names
Cataloger Name: Ramy
942 ## - ADDED ENTRY ELEMENTS (KOHA)
Source of classification or shelving scheme Dewey Decimal Classification
Suppress in OPAC No
Koha item type Books
Edition 21
Holdings
Withdrawn status Lost status Source of classification or shelving scheme Damaged status Not for loan Collection Home library Current library Date acquired Total checkouts Full call number Barcode Date last seen Copy number Price effective from Koha item type
    Dewey Decimal Classification   Not for loan القانون الجنائي جــــامعة القــاهرة مكتبة كلية الحقوق - المبنى الرئيسي 04.01.2026   Law1 10 343.4370538 ح ا . م 1997 1006763 C1 B10-06763 04.01.2026 1 04.01.2026 Books

© All rights reserved — Faculty of Law, Cairo University